000 00846nam a2200265 i 4500
003 DO-SdBNP
005 20241003134037.0
007 ta
008 240415s2023 dr co 000 j spa d
020 _a9789945509410
040 _aDO-SdBNP
_bspa
_cBNPHU
_erda
082 _bD352t
_222
100 1 _aDelgadillo S., Ramieri
_eautora
_985241
110 _aCentro Cultural BanReservas
_985170
245 1 0 _aTrabajo y justicia sial guía para la cobertura mediática de casos de violencia género /
_cRamieri Delgadillo S.
264 4 _aSanto Domingo :
_bFundación Friedrich Ebert ,
_c2023
300 _a5 páginas ;
_c22 cm.
336 _2rdacontent
_atexto
_btxt
337 _2rdamedia
_asin mediación
_bn
338 _2rdacarrier
_avolumen
_bnc
490 _aPerspectiva
590 _aInventariado, 2024/ DG
910 _aDG
942 _2ddc
_cLF2
999 _c56399
_d56399